00626cam a22001932 4500001001100000005001700011008004100028040001500069050002200084110003800106245002700144260005800171300001100229650003800240908001100278950000600289999001700295952012000312000002350720151217155912.0130204s xx 000 0 eng d aKABUcKABU 0aKSK1744.5b.A3K462 aKenya, Government of.@000015192510aConstitution of Kenya. aNairobi :bNational Council for Law Reporting,c2010. a193 p. 0aConstitutionszKenya.@0000153436 a130204 @1 c13874d13874 00102lcc70aKABUbKABUd2015-12-17l0oKSK1744.5 .A3K46 2010b c. 1p19427r2015-12-17 00:00:00w2015-12-17yAFRI